000 00808nam a2200229 a 4500
001 000023805
005 20260114124842.0
008 110113s1978 pr r 000 0 spa d
020 _a0311400388
040 _aDO-SdBNP
_bspa
_cBNPHU
082 _a242.2
_bL732l
100 1 _aLimardo, Miguel,
_934120
245 1 0 _aLuces encendidas :
_buna porción para cada día, como el pan en el Padre Nuestro /
_cMiguel Limardo ; prólogo Mercedes Ortíz de Martínez.
260 _aRío Piedras, (Puerto Rico) :
_bEditorial Mundo Hispano,
_c1978.
300 _a[365] p. ;
_c18 cm.
650 0 _aMeditaciones
_95988
650 4 _aRetiro espiritual
_949001
650 4 _aDevocionarios
_949002
650 4 _aPerfección (cristianismo)
_949003
700 1 _aOrtíz de Martínez, Mercedes
_epról.
_949004
049 _aBNGR
999 _c23301
_d23301